| 000 | 00503nam a2200157 4500 | ||
|---|---|---|---|
| 082 | _aBIT-11 SAQ | ||
| 100 | _aMUHAMMAD SAQIB CHAUDHARY | ||
| 245 | _aBIOMETRIC BASED ELECTRONIC MEDICAL RECORD (BBER) | ||
| 260 |
_aISLAMABAD _bNUST-SEECS _c 2014 |
||
| 300 | _a59p. | ||
| 563 | _ahbk. | ||
| 856 | _uhttp://10.250.8.41:8080/xmlui/handle/123456789/28934 | ||
| 942 |
_2ddc _cPR |
||
| 999 |
_c173245 _d173245 |
||